| 000 | 00696nam a22002177a 4500 | ||
|---|---|---|---|
| 001 | 65506 | ||
| 003 | BD-RjUL | ||
| 005 | 20211209081432.0 | ||
| 008 | 170307r19671964enk||||| |||| 001 0 eng d | ||
| 035 | _a(BD-RjUL)65636 | ||
| 040 |
_aBD-RjUL _beng _cBD-RjUL _dBD-RjUL |
||
| 041 | _aeng | ||
| 082 |
_223 _a809.02 _bLED 1967 |
||
| 100 |
_aLewis, C. S. _9193842 |
||
| 245 |
_aThe discarded image : _ban introduction to medieval and renaissance literature / _cC. S. Lewis |
||
| 260 |
_aCambridge : _bAt The University Press, _c1964 [Reprinted 1967]. |
||
| 300 |
_avii, 230 p. ; _c18 cm. |
||
| 500 | _aInclude Index. | ||
| 650 |
_aReligion _vChristian Theology _xApologetics. _9193843 |
||
| 942 |
_2ddc _cBK |
||
| 999 |
_c65506 _d65506 |
||